000 00857nam a2200265 a 4500
001 BRCA_4720
005 20190320204758.0
008 061010s1959----sp-a######---#000-0#spa-#
041 _aspa
044 _asp
050 4 _aZ999
_b.B65 1959
245 1 0 _aBoletín Buenaga
_blibros antiguos Granata.
260 _aEspaña
_bGranata
_c1959
300 _a32 p.
_bil.
_c28 cm.
500 _aEstado físico: Cubierta desprendida
500 _aBoletín inventariado por Banco de México como libro
500 _aCFG9
501 _aCon: J.J. Flores, fundador del Ecuador. -- Guerra Carlista. -- Álbum Buenega. -- Expedición militar a Roma
650 1 4 _aLibreros anticuarios
_zEspaña
_911700
650 1 4 _aLibros antiguos
_zEspaña
_911701
650 1 4 _aLibros raros
_911963
710 2 _aLibros antiguos Granata
_911964
902 _aGFM
942 _2lcc
_cB
999 _c4418
_d4418